RADIO ENGINEERING HANDBOOK (Record no. 570352)

000 -LEADER
fixed length control field 00267nam a22001097a 4500
082 ## - DEWEY DECIMAL CLASSIFICATION NUMBER
Classification number 621.38418 TER'R
100 ## - MAIN ENTRY--PERSONAL NAME
Personal name TERMAN, FREDERICK ENMONS
9 (RLIN) 60676
245 ## - TITLE STATEMENT
Title RADIO ENGINEERING HANDBOOK
260 ## - PUBLICATION, DISTRIBUTION, ETC.
Place of publication, distribution, etc. NEWYORK
Name of publisher, distributor, etc. MCGRAW HILL
Date of publication, distribution, etc. 1943
300 ## - PHYSICAL DESCRIPTION
Extent XI,1019P
942 ## - ADDED ENTRY ELEMENTS (KOHA)
Koha item type Book
Holdings
Withdrawn status Lost status Damaged status Not for loan Permanent Location Current Location Shelving location Date acquired Total Checkouts Full call number Barcode Date last seen Price effective from Koha item type
        College of Electrical & Mechanical Engineering (CEME) College of Electrical & Mechanical Engineering (CEME) Reference 07/19/2017   621.38418 TER'R CEME-128 06/28/2021 06/28/2021 Book
© 2023 Central Library, National University of Sciences and Technology. All Rights Reserved.